000 00728nam a2200193 a 4500
001 000020843
005 20200930011156.0
008 100818s1980 sz 000 0 spa d
020 _a9243206559
040 _aDO-SdBNP
_bspa
_cBPJMB
082 _a614.43
_bO68r
110 1 _aOrganización Mundial de la Salud
_91056
245 1 0 _aResistencia de los vectores de enfermedades a los plaguicidas :
_bquinto informe del comité de expertos de la OMS en biología de los vectores y luchas antivectorial.
260 _aGinebra :
_bOrganización Mundial de la Salud,
_c1980.
490 1 _aInformes Técnicos,
_v655
650 4 _aArtrópodos vectores
_943690
650 4 _aPlaguicidas
_943691
830 0 _aInformes Técnicos,
_v655
_943692
999 _c20346
_d20346